000 00927nam a2200289 a 4500
001 C01483141c-1
003 CO-ViMGA
005 20230915232211.0
008 150116s2014 sp a gr 0001f spa d
020 _a9788427204638
040 _aCO-ViMGA
_bspa
_cCO-ViMGA
041 1 _heng
043 _an-us---
082 0 4 _a813.5
_bK46m
_219
100 1 _aKinney, Jeff,
_d1971-
_92348
245 1 0 _aMala suerte /
_cJeff Kinney ; traducción Esteban Morán.
260 _aBarcelona :
_bRBA,
_c2014.
300 _a217 páginas :
_bilustraciones ;
_c20 cm.
490 1 _aDiario de Greg ;
_v8
534 _pTítulo original :
_tDiary of a wimpy kid. Hard luck.
650 1 4 _aAmistad
_v Novela juvenil.
_92349
650 1 4 _aDiarios
_v Novela juvenil.
_92352
650 1 4 _aEscuelas
_v Novela juvenil.
_92353
650 1 4 _aNovela juvenil estadounidense.
_91575
700 1 _aMorán, Esteban,
_etraductor.
_92354
942 _2ddc
999 _c33776
_d33776